000 00588nam a2200181Ia 4500
008 100920s9999 xx 000 0 und d
082 _b11997
_a891.43 थ 60
100 _aव्यास श्रीकान्त.
245 _aजादू का दिपक.
260 _bराजपाल एण्ड सन्स , दिल्ली.
_c1960
300 _a108
_bसाधी
365 _b1.5
520 _aहिंदी.
630 _aजादू का दिपक.
650 _aहिंदी.
730 _aजादू का दिपक.
942 _cBOOK
999 _c677403
_d677400